Protección de la vivienda (Registro nro. 32824)
[ vista simple ]
| 000 -LEADER | |
|---|---|
| fixed length control field | 00375 a2200121 4500 |
| 001 - CONTROL NUMBER | |
| control field | ART_46235 |
| 005 - DATE AND TIME OF LATEST TRANSACTION | |
| control field | 20260410162018.0 |
| 008 - FIXED-LENGTH DATA ELEMENTS--GENERAL INFORMATION | |
| fixed length control field | 260409a |
| 100 1# - MAIN ENTRY--PERSONAL NAME | |
| Personal name | Merlo, Leandro M. |
| 245 10 - TITLE STATEMENT | |
| Title | Protección de la vivienda |
| 700 1# - ADDED ENTRY--PERSONAL NAME | |
| Personal name | Rossi, Jorge O. |
| 773 0# - HOST ITEM ENTRY | |
| Title | Temas de derecho de familia, sucesiones y bioética |
| Related parts | - Año 3, N° 3 (mar. 2018) |
| Record control number | REV41029 |
No hay ítems disponibles.